El Instituto de Ingenieros Civiles solicita de los poderes públicos protección al trabajo nacional
Descripción Física:
13 p. ; 24 cm
MARC
| LEADER | 00000nam a2200000Ia 4500 | ||
|---|---|---|---|
| 001 | 12359 | ||
| 003 | BGR | ||
| 005 | 20260410113702.0 | ||
| 008 | 160829s9999 xx 000 0 cat d | ||
| 080 | |a RF-8-29 | ||
| 110 | 2 | |a Instituto de Ingenieros Civiles (Madrid) |9 71168 | |
| 245 | |a El Instituto de Ingenieros Civiles solicita de los poderes públicos protección al trabajo nacional | ||
| 260 | |a Madrid : |b (Artes gráficas Faure), [1932] | ||
| 300 | |a 13 p. ; |c 24 cm | ||
| 856 | 4 | |u https://media.diba.cat/diba/fitxers/arxiu/fulletons/bib_12359_1932_baixa.pdf |y Accés lliure | |
| 856 | 4 | |u https://media.diba.cat/diba/fitxers/arxiu/fulletons/bib_12359_1932_baixa.pdf |y Accés lliure | |
| 900 | |a bib_12359_1932_baixa.pdf | ||
| 901 | |a Arxiu | ||
| 942 | |n 1 |2 udc |c MON | ||
| 952 | |0 0 |1 0 |4 0 |6 RF829 |7 1 |9 48485 |a Arxiu |b Arxiu |d 2016-12-01 |l 0 |o RF-8-29 |p 12359 |r 2016-12-01 00:00:00 |w 2016-12-01 |y ARXIU | ||
| 999 | |c 52314 |d 52314 | ||